Gares sur la ligne de Mantes-la-Jolie à Cherbourg - Statistiques

Statistiques générales
  • Ce quiz a été pris 67 fois
  • Le résultat moyen est 9 sur 23
Statistiques - réponses
Département Gare % Correct
(14) Caen
94%
Manche (50) Cherbourg
89%
(14) Bayeux
85%
(50) Valognes
83%
Yvelines (77) Mantes-la-Jolie
78%
(50) Carentan
74%
Manche (50) Lison
67%
Calvados (14) Lisieux
65%
Eure (27) Bernay
41%
(14) Mézidon
30%
(14) Moult - Argences
22%
(14) Frénouville - Cagny
20%
Calvados (14) Le Molay-Littry
20%
(27) Evreux-Normandie
19%
(27) Serquigny
19%
(27) Beaumont-le-Roger
15%
Eure-et-Loire (28) Bréval
15%
(27) Conches
15%
(14) Audrieu
13%
(14) Bretteville - Norrey
13%
Eure (27) Bueil
13%
(27) La Bonneville-sur-Iton
13%
(27) Romilly-la-Puthenaye
11%
Aucun quiz correspondant
Distribution des résultats
% des personnes avec chaque résultat
Percentile par nombre de réponses
Votre historique - résultats
Vous n’avez pas pris ce quiz